[Event "Africa zt 4.2 op"]
[Site "Dimbokro"]
[Date "2023.03.25"]
[Round "1"]
[White "Mambe, Lobognon Anderson"]
[Black "Harold, Evans"]
[Result "0-1"]
[WhiteElo "1916"]
[BlackElo "1714"]
[PlyCount "110"]
[EventDate "2023.03.25"]
[EventType "swiss"]
[EventRounds "9"]
[EventCountry "IVO"]
[SourceTitle "CBM 213 Extra"]
[Source "ChessBase"]
[SourceDate "2023.05.31"]
[SourceVersion "1"]
[SourceVersionDate "2023.05.31"]
[SourceQuality "1"]

1. d4 d5 2. Nf3 Nc6 3. c4 e6 4. Nc3 Nf6 5. Bg5 Be7 6. e3 h6 7. Bh4 a6 8. a3 dxc4 9. Bxc4 Nd5 10. Bg3 Nb6 11. Ba2 Bd6 12. Ne4 Be7 13. Qc2 Nd5 14. Rc1 f5 15. Nc5 Bd6 16. e4 fxe4 17. Qxe4 Qe7 18. Bxd5 exd5 19. Qxe7+ Kxe7 20. 0-0 Bxg3 21. fxg3 Kd6 22. Rfe1 b6 23. Nd3 Bb7 24. Nde5 Nxe5 25. Nxe5 Rhe8 26. Rf1 c5 27. Rf7 Re7 28. dxc5+ bxc5 29. Rxe7 Kxe7 30. Rxc5 Kd6 31. Nd3 Bc6 32. b4 g5 33. Kf2 Re8 34. g4 Bb5 35. Nc1 Rf8+ 36. Ke3 Rf1 37. Rc2 Rd1 38. Rc8 Bc4 39. Rh8 Rxc1 40. Rxh6+ Ke5 41. Rg6 Rc3+ 42. Kf2 Rxa3 43. h3 d4 44. Rxg5+ Ke4 45. Rg7 d3 46. Re7+ Kd4 47. Rd7+ Kc3 48. h4 d2 49. Rxd2 Kxd2 50. h5 Bd3 51. g5 Rb3 52. g6 Rxb4 53. g7 Bh7 54. Kf3 Rb7 55. h6 Rb6 0-1